[Event "Druzynowe Mistrzostwa Polski - II Liga 2023"]
[Site "Jastrzebia Gora"]
[Date "1899-12-30"]
[Round "5.72"]
[White "Filipska, Maja"]
[Black "Sliwicka, Weronika"]
[Result "1-0"]
[WhiteTitle "I++"]
[BlackTitle "I"]
[WhiteElo "1763"]
[BlackElo "1526"]

1. e4 c5 2. Nf3 e6 3. d4 cxd4 4. Nxd4 a6 5. a3 Qc7 6. Be2 Nf6 7. Nc3 d6 8. O-O
Nbd7 9. Nb3 b5 10. Be3 Bb7 11. f3 d5 12. exd5 Nxd5 13. Nxd5 Bxd5 14. f4 Rc8 15.
Rc1 Be7 16. Bf3 Bc4 17. Re1 Nf6 18. Nd4 O-O 19. g3 Rfd8 20. c3 Nd5 21. Bf2 Nb6
22. Qc2 Bd5 23. Bxd5 Rxd5 24. Qe4 Rd6 25. f5 Bg5 26. Rcd1 Re8 27. fxe6 fxe6 28.
Qg4 Qd8 29. Nxe6 Qd7 30. Rxd6 1-0

[Event "Druzynowe Mistrzostwa Polski - II Liga 2023"]
[Site "Jastrzebia Gora"]
[Date "1899-12-30"]
[Round "5.74"]
[White "Jankowiak, Tomasz"]
[Black "Laszewicz, Pawel"]
[Result "0-1"]
[WhiteTitle "CM"]
[BlackTitle "k"]
[WhiteElo "2174"]
[BlackElo "1997"]

1. e4 e5 2. Nf3 Nf6 3. Nxe5 d6 4. Nd3 Nxe4 5. Qe2 Qe7 6. Nf4 Nc6 7. Nd5 Nd4 8.
Nxe7 Nxe2 9. Nd5 Nd4 10. Na3 Kd8 11. f3 Nc5 12. c3 Nde6 13. d4 Nd7 14. Bd3 c6
15. Nf4 Nxf4 16. Bxf4 d5 17. Nc2 Nb6 18. b3 Be6 19. Kf2 Kd7 20. Ne3 Bd6 21. Bxd6
Kxd6 22. Nf5+ Bxf5 23. Bxf5 g6 24. Bd3 a5 25. c4 Nd7 26. Rhe1 Rhe8 27. c5+ Kc7
28. a3 Nf8 29. Red1 Ne6 30. Bf1 b6 31. cxb6+ Kxb6 32. g3 Re7 33. Ra2 Rb7 34. Rd3
Kc7 35. Rc2 Rab8 36. Rcc3 Kd6 37. h4 f5 38. Be2 f4 39. g4 Nc7 40. Rc5 Ra7 41.
Rdc3 Rb6 42. b4 axb4 43. axb4 Ra2 44. Kf1 Ne6 45. b5 Nxd4 46. bxc6 Nxe2 47. c7
Nxc3 48. c8=N+ Kxc5 0-1

[Event "Druzynowe Mistrzostwa Polski - II Liga 2023"]
[Site "Jastrzebia Gora"]
[Date "1899-12-30"]
[Round "5.75"]
[White "Majocha, Piotr"]
[Black "Jankowiak, Piotr"]
[Result "1/2-1/2"]
[WhiteTitle "I++"]
[BlackTitle "k"]
[WhiteElo "2004"]
[BlackElo "2073"]

1. c4 e5 2. Nc3 g6 3. Nf3 Bg7 4. d4 exd4 5. Nxd4 Nc6 6. e3 Nge7 7. g3 Nxd4 8. exd4
d5 9. cxd5 Nxd5 10. Bg2 Nxc3 11. bxc3 O-O 12. O-O c6 13. Qb3 Re8 14. Bf4 Qe7 15.
d5 cxd5 16. Bxd5 Be6 17. Bxe6 Qxe6 18. Qxb7 Bxc3 19. Rac1 Bd4 1/2-1/2

[Event "Druzynowe Mistrzostwa Polski - II Liga 2023"]
[Site "Jastrzebia Gora"]
[Date "1899-12-30"]
[Round "5.76"]
[White "Grzeskow, Adrian"]
[Black "Machlowski, Slawomir"]
[Result "1/2-1/2"]
[WhiteTitle "I+"]
[BlackTitle "I+"]
[WhiteElo "1955"]
[BlackElo "1960"]

1. d4 e6 2. Bf4 Nf6 3. Nc3 Bb4 4. a3 Bxc3+ 5. bxc3 b6 6. e3 Bb7 7. Nf3 O-O 8. Bd3
h6 9. c4 d6 10. g4 Ne4 11. Rg1 g5 12. Bg3 Qf6 13. Bxe4 Bxe4 14. Nd2 Qg6 15. Nxe4
Qxe4 16. Qe2 Nd7 17. f3 Qg6 18. h4 f6 19. Qd3 1/2-1/2

[Event "Druzynowe Mistrzostwa Polski - II Liga 2023"]
[Site "Jastrzebia Gora"]
[Date "1899-12-30"]
[Round "5.77"]
[White "Szydelko, Michal"]
[Black "Statucki, Maciej"]
[Result "0-1"]
[WhiteTitle "I++"]
[BlackTitle "I"]
[WhiteElo "1731"]
[BlackElo "1868"]

1. e4 e5 2. Nf3 Nc6 3. d4 exd4 4. Bc4 Nf6 5. O-O Be7 6. e5 Ne4 7. Bd5 Nc5 8. a3
a5 9. Re1 Ne6 10. Re4 d6 11. Qe2 O-O 12. Bxc6 bxc6 13. Nxd4 Nxd4 14. Rxd4 c5 15.
Rd1 d5 16. Nc3 Bb7 17. Bf4 d4 18. Qg4 Ra6 19. Bg3 Rg6 20. Qf5 Qa8 21. Ne2 Bxg2
22. Nf4 Bh1 23. Qd7 Bg5 24. Kf1 Bxf4 25. Bxf4 Rg1+ 26. Ke2 Qf3+ 27. Kd2 Qxf4+
28. Kd3 Qf3+ 0-1

[Event "Druzynowe Mistrzostwa Polski - II Liga 2023"]
[Site "Jastrzebia Gora"]
[Date "1899-12-30"]
[Round "5.79"]
[White "Bebel, Arkadiusz"]
[Black "Rajlich, Vasik"]
[Result "1-0"]
[WhiteTitle "FM"]
[BlackTitle "IM"]
[WhiteElo "2250"]
[BlackElo "2303"]

1. Nf3 Nf6 2. g3 g6 3. b3 d5 4. Bb2 c5 5. c4 d4 6. b4 Nc6 7. b5 Na5 8. d3 b6 9.
Bg2 Bb7 10. O-O Bh6 11. Bc1 Bxc1 12. Qxc1 O-O 13. Qh6 Ng4 14. Qh4 h5 15. h3 Nh6
16. Nbd2 Nf5 17. Qf4 Qb8 18. Qxb8 Rfxb8 19. Nb3 f6 20. Nxa5 bxa5 21. a4 Kf7 22.
Nd2 Bxg2 23. Kxg2 Nd6 24. Nb3 Nb7 25. e3 e5 26. f4 Kg7 27. fxe5 fxe5 28. exd4
exd4 29. Rae1 Re8 30. g4 hxg4 31. hxg4 Rad8 32. Kg3 Kg8 33. g5 Kg7 34. Rxe8 Rxe8
35. Rf6 Re3+ 36. Kf4 Rxd3 37. Ra6 Rxb3 38. Rxa7 Kf8 39. Rxb7 Rb4 40. Ra7 Ke8 41.
Rxa5 Rxc4 42. b6 Rb4 43. Rxc5 Rxb6 44. Ke4 Rb4 45. Re5+ Kf7 46. a5 Ra4 47. Kd3
Kf8 48. Kc2 Kf7 49. Kb3 Ra1 50. Kc4 Ra4+ 51. Kb5 Ra1 52. Rd5 Rg1 53. a6 Rb1+ 54.
Kc4 Ra1 55. Rd6 d3 56. Rf6+ Kg7 57. Kxd3 Ra5 58. Rc6 Rxg5 59. Kc4 Ra5 60. Kb4
Ra1 61. Kb5 Rb1+ 62. Kc5 Ra1 63. Kb6 Rb1+ 64. Kc7 Ra1 65. Kb7 Kh6 66. a7 Rxa7+
67. Kxa7 Kh5 68. Kb6 g5 69. Kc5 Kg4 70. Kd4 Kf3 71. Ke5 g4 72. Rc3+ 1-0

[Event "Druzynowe Mistrzostwa Polski - II Liga 2023"]
[Site "Jastrzebia Gora"]
[Date "1899-12-30"]
[Round "5.80"]
[White "Jarzebowski, Kacper"]
[Black "Zysko, Jan"]
[Result "1/2-1/2"]
[WhiteTitle "k+"]
[BlackTitle "k+"]
[WhiteElo "2145"]
[BlackElo "2167"]

1. Nf3 Nf6 2. g3 g6 3. Bg2 Bg7 4. O-O c5 5. d3 O-O 6. c4 d5 7. cxd5 Nxd5 8. Qc2
b6 9. Nc3 Bb7 10. Bd2 Nc6 11. Nxd5 Qxd5 12. Bc3 Nd4 13. Bxd4 Bxd4 14. a4 a6 15.
Ra3 Rab8 16. Qb3 Qxb3 17. Rxb3 Bxf3 18. Bxf3 b5 19. axb5 axb5 20. Rc1 Rfc8 21.
e3 Bf6 22. Be2 b4 23. Kg2 h5 24. Kf3 e6 25. h4 Kf8 26. d4 Be7 27. dxc5 Rxc5 28.
Rxc5 Bxc5 29. Rd3 Ke7 30. b3 Rd8 31. Ke4 1/2-1/2

[Event "Druzynowe Mistrzostwa Polski - II Liga 2023"]
[Site "Jastrzebia Gora"]
[Date "1899-12-30"]
[Round "5.81"]
[White "Solnicki, Michal"]
[Black "Maciaszek, Karol"]
[Result "1-0"]
[WhiteTitle "k"]
[BlackTitle "I"]
[WhiteElo "2110"]
[BlackElo "1889"]

1. Nf3 Nf6 2. c4 e6 3. b3 d5 4. Bb2 c6 5. g3 Bd6 6. Bg2 O-O 7. O-O Nbd7 8. d4 b6
9. Nbd2 Bb7 10. Rc1 Rc8 11. Re1 h6 12. e3 Re8 13. Ne5 Be7 14. Nxd7 Qxd7 15. c5
Qc7 16. b4 a5 17. a3 axb4 18. axb4 Ra8 19. e4 dxe4 20. Nc4 Nd5 21. Bxe4 Nxb4 22.
cxb6 Qd8 23. Ba3 Nd5 24. Bc5 Ba6 25. Ne5 Bb5 26. Qh5 Rf8 27. Ng4 Bxc5 28. Nxh6+
gxh6 29. Qxh6 f5 30. Bxd5 Qxd5 31. Rxc5 Qxd4 32. Qxe6+ Kg7 33. Qe7+ Kg8 34. b7
Rab8 35. Rce5 Qd8 36. Qe6+ Kg7 37. Rxf5 Rxf5 38. Qxf5 Rxb7 39. Qg4+ Kh8 40. Qh5+
Kg7 41. Re8 Qd6 42. Qg5+ Kf7 43. Qh5+ Kg7 44. Qg5+ Kf7 45. Qg8+ Kf6 46. Rf8+ Ke5
47. Qg5+ Ke4 48. f3+ Kd4 49. Rd8 Rd7 50. Qg4+ Kc5 51. Rxd7 Qe5 52. Rd1 Qe3+ 53.
Kh1 Be2 54. Qf5+ Kc4 55. Qc2+ 1-0

[Event "Druzynowe Mistrzostwa Polski - II Liga 2023"]
[Site "Jastrzebia Gora"]
[Date "1899-12-30"]
[Round "5.82"]
[White "Kicinski, Jacek"]
[Black "Pettersson, Alexander"]
[Result "1/2-1/2"]
[WhiteTitle "I+"]
[BlackTitle "I"]
[WhiteElo "1929"]
[BlackElo "1820"]

1. d4 Nf6 2. Nf3 d6 3. Bg5 Nbd7 4. Nbd2 e5 5. c3 Be7 6. e4 O-O 7. Bd3 Re8 8. O-O
Ng4 9. Bxe7 Qxe7 10. h3 Ngf6 11. Nh2 c5 12. dxc5 dxc5 13. Nc4 Nf8 14. Ne3 Ng6
15. Nhg4 Nf4 16. Nxf6+ Qxf6 17. Nd5 Qg5 18. Nxf4 Qxf4 19. Qc1 Qxc1 20. Raxc1 Be6
21. Bb1 Rad8 22. Rcd1 Kf8 23. f3 Ke7 24. Kf2 h6 25. h4 Rxd1 26. Rxd1 Rd8 27. Rxd8
Kxd8 28. g3 g5 29. Ke3 Ke7 30. a3 gxh4 31. gxh4 f6 32. Bd3 Kd6 33. Be2 Kc6 34.
f4 Bb3 35. Kf3 Be6 36. Kg3 b5 37. b4 a6 38. Bg4 Bc4 39. Bc8 Bd3 40. fxe5 fxe5
41. Kf3 cxb4 42. cxb4 Kb6 43. Be6 Bc2 44. Bf7 Bd1+ 45. Kg3 h5 46. Kf2 a5 47. Ke1
Bg4 48. bxa5+ Kxa5 49. Kd2 b4 50. axb4+ Kxb4 51. Kd3 Bf3 52. Be6 Bd1 53. Kd2 Bf3
54. Kd3 1/2-1/2

[Event "Druzynowe Mistrzostwa Polski - II Liga 2023"]
[Site "Jastrzebia Gora"]
[Date "1899-12-30"]
[Round "5.83"]
[White "Kaniak, Monika"]
[Black "Rajlich, Vaclav"]
[Result "0-1"]
[WhiteTitle "k"]
[BlackTitle "I"]
[WhiteElo "1796"]
[BlackElo "1596"]

1. d4 Nf6 2. c4 g6 3. Nc3 Bg7 4. e4 d6 5. Be2 O-O 6. Nf3 e5 7. d5 Na6 8. Bg5 h6
9. Bh4 Qe8 10. Nd2 Nc5 11. f3 a5 12. b3 Nh5 13. O-O Nf4 14. Qc2 f5 15. a3 g5 16.
Bf2 Qh5 17. Rae1 g4 18. Bxc5 dxc5 19. Bd1 Ra6 20. exf5 Bxf5 21. Nde4 Rg6 22. Qd2
Qh4 23. Ng3 gxf3 24. Bxf3 e4 25. Bxe4 Bd4+ 26. Kh1 Rxg3 27. Qxf4 Rg4 28. Qf3 Be5
29. h3 Rg3 30. Qf2 Bd4 31. Qf4 Rxh3+ 32. gxh3 Qxh3+ 33. Qh2 Bxe4+ 0-1

[Event "Druzynowe Mistrzostwa Polski - II Liga 2023"]
[Site "Jastrzebia Gora"]
[Date "1899-12-30"]
[Round "5.84"]
[White "Kicinska, Magdalena"]
[Black "Gluszko, Monika"]
[Result "0-1"]
[WhiteTitle "I++"]
[BlackTitle "k"]
[WhiteElo "1499"]
[BlackElo "1915"]

1. d4 Nf6 2. Nf3 g6 3. c4 Bg7 4. g3 O-O 5. Bg2 d5 6. cxd5 Nxd5 7. O-O Nb6 8. Nc3
Na6 9. Qc2 Bf5 10. e4 Bg4 11. d5 c6 12. dxc6 Nb4 13. Qb3 Nxc6 14. Be3 Qd3 15.
Rfd1 Qc4 16. Bxb6 Qxb3 17. axb3 axb6 18. h3 Bxf3 19. Bxf3 Nd4 20. Bg2 Nxb3 21.
Rxa8 Rxa8 22. Rd7 Nc5 23. Rxe7 Bf6 24. Rc7 Be5 25. Rxc5 bxc5 26. f4 Bxc3 27. bxc3
Ra1+ 28. Kf2 Rc1 29. e5 b6 30. g4 Rxc3 31. h4 b5 32. Be4 b4 33. Ke2 Rg3 34. g5
b3 35. Kd2 c4 0-1

[Event "Druzynowe Mistrzostwa Polski - II Liga 2023"]
[Site "Jastrzebia Gora"]
[Date "1899-12-30"]
[Round "5.85"]
[White "Romanishin, Oleg M"]
[Black "Stanisz, Patryk"]
[Result "1-0"]
[WhiteTitle "GM"]
[BlackTitle "CM"]
[WhiteElo "2385"]
[BlackElo "2149"]

1. Nf3 d5 2. g3 g6 3. Bg2 Bg7 4. d4 c6 5. O-O Nf6 6. Bf4 Bf5 7. c4 O-O 8. Qc1 Nbd7
9. c5 a5 10. Nc3 Ne4 11. Bh6 b5 12. Bxg7 Kxg7 13. Nh4 Nxc3 14. Nxf5+ gxf5 15.
bxc3 e6 16. f3 Qf6 17. e4 Qh6 18. Qc2 f4 19. exd5 fxg3 20. hxg3 Qe3+ 21. Kh2 Qh6+
22. Bh3 cxd5 23. Rab1 Rfb8 24. Qc1 b4 25. Rb3 Qxc1 26. Rxc1 bxc3 27. Rcxc3 a4
28. Rxb8 Rxb8 29. Bf1 e5 30. c6 exd4 31. Rc1 Rb2+ 32. Kh3 Nb6 33. c7 Nc8 34. Ba6
Na7 35. c8=Q Nxc8 36. Rxc8 Rxa2 37. Rc5 Rf2 38. Kg4 a3 39. Rxd5 Rd2 40. Ra5 Ra2
41. Kf4 Ra1 42. Bc4 f6 43. Ra7+ Kf8 44. Ke4 h5 45. Kxd4 Rg1 46. Rxa3 Rxg3 47.
Ke4 Rg5 48. Ra7 Re5+ 49. Kf4 Rc5 50. Bd3 Rg5 51. Bf5 Kg8 52. Be6+ Kh8 53. Rf7
1-0

[Event "Druzynowe Mistrzostwa Polski - II Liga 2023"]
[Site "Jastrzebia Gora"]
[Date "1899-12-30"]
[Round "5.86"]
[White "Kaminski, Piotr"]
[Black "Steczek, Marcin"]
[Result "0-1"]
[WhiteTitle "k"]
[BlackTitle "FM"]
[WhiteElo "2024"]
[BlackElo "2350"]

1. d4 Nf6 2. c4 c5 3. d5 b5 4. cxb5 a6 5. bxa6 Bxa6 6. Nc3 g6 7. g3 d6 8. Bg2 Bg7
9. Nf3 O-O 10. Rb1 Nbd7 11. b3 Qa5 12. Bd2 Qc7 13. O-O Nb6 14. Ng5 Qd7 15. Bf4
h6 16. Nh3 Nh5 17. Bd2 c4 18. b4 Bb7 19. e4 Na4 20. Qc1 Nxc3 21. Bxc3 Nf6 22.
Bxf6 exf6 23. Qxc4 Rfc8 24. Qe2 Qa4 25. Rb2 f5 26. exf5 Bxb2 27. Qxb2 Qc2 28.
Qf6 Qxf5 29. Qxd6 Rd8 30. Qb6 Bxd5 31. Rd1 Qc2 32. Qd4 Qxd1+ 33. Qxd1 Bxg2 34.
Qg4 h5 35. Qh4 Bf3 0-1

[Event "Druzynowe Mistrzostwa Polski - II Liga 2023"]
[Site "Jastrzebia Gora"]
[Date "1899-12-30"]
[Round "5.87"]
[White "Bednarek, Sylwester"]
[Black "Rudecki, Bartosz"]
[Result "1-0"]
[WhiteTitle "FM"]
[BlackTitle "I+"]
[WhiteElo "2268"]
[BlackElo "1880"]

1. d4 Nf6 2. Bg5 d5 3. Bxf6 gxf6 4. c4 dxc4 5. e3 Be6 6. Ne2 Bh6 7. Ng3 c6 8. Nc3
Nd7 9. Qh5 Bg7 10. f4 Qb6 11. O-O-O f5 12. Nxf5 Bxf5 13. Qxf5 e6 14. Qg4 Rg8 15.
Bxc4 c5 16. f5 exf5 17. Qxf5 O-O-O 18. Qxf7 cxd4 19. Nd5 Qc5 20. Ne7+ Kb8 21.
Nxg8 Ne5 22. Qxg7 Nxc4 23. exd4 Qb5 24. Qg3+ Ka8 25. Qb3 Qg5+ 26. Kb1 Qxg8 27.
Ka1 Rd6 28. Rc1 b5 29. Qxb5 Nd2 30. Qc5 Rd5 31. Qc6+ Kb8 32. Rhe1 1-0

[Event "Druzynowe Mistrzostwa Polski - II Liga 2023"]
[Site "Jastrzebia Gora"]
[Date "1899-12-30"]
[Round "5.88"]
[White "Szmyd, Arkadiusz"]
[Black "Swiatnicki, Andrzej"]
[Result "1/2-1/2"]
[WhiteTitle "CM"]
[BlackTitle "k"]
[WhiteElo "2053"]
[BlackElo "2016"]

1. e4 e5 2. Nc3 Nf6 3. f4 d5 4. fxe5 Nxe4 5. Nf3 Bc5 6. d4 Bb4 7. Bd2 c5 8. Bb5+
Nc6 9. Nxe4 dxe4 10. Bxb4 cxb4 11. d5 exf3 12. dxc6 f2+ 13. Kf1 Qb6 14. Qe2 O-O
15. Bd3 bxc6 16. Qxf2 Ba6 17. Qxb6 axb6 18. Kf2 Bxd3 19. cxd3 Rfd8 20. Rhd1 c5
21. a3 bxa3 22. Rxa3 Rxa3 23. bxa3 Kf8 24. Ke3 Rd5 25. Ke4 Rd4+ 26. Ke3 Ra4 27.
Rb1 Rxa3 28. Rxb6 c4 29. Rd6 Ke7 30. Rd4 cxd3 31. Rxd3 Ra2 32. Kf3 Ke6 33. Re3
h5 34. Rb3 Ra5 35. Kf4 Ra4+ 36. Kf3 g5 37. Rb5 Rf4+ 38. Ke3 Rf1 39. Rb6+ Kxe5
40. Rh6 h4 41. Ra6 g4 42. Rh6 h3 43. gxh3 Rf3+ 44. Ke2 Rxh3 45. Rxh3 gxh3 46.
Kf3 Kf5 47. Kg3 Ke4 48. Kxh3 Kf3 49. Kh4 f6 50. Kh5 Kg2 1/2-1/2

[Event "Druzynowe Mistrzostwa Polski - II Liga 2023"]
[Site "Jastrzebia Gora"]
[Date "1899-12-30"]
[Round "5.89"]
[White "Walaszczyk, Witold"]
[Black "Boruta, Dawid"]
[Result "1-0"]
[WhiteTitle "k"]
[BlackTitle "I++"]
[WhiteElo "1945"]
[BlackElo "1990"]

1. d4 Nf6 2. c4 c5 3. dxc5 e6 4. Nc3 Bxc5 5. Nf3 O-O 6. e3 b6 7. Bd3 Bb7 8. O-O
d5 9. cxd5 Nxd5 10. Ne4 Be7 11. Nd4 Nd7 12. Bd2 Nc5 13. Nxc5 Bxc5 14. Qb1 g6 15.
Rd1 Qe7 16. a3 a5 17. Nf3 Rfd8 18. e4 Nc7 19. Bc3 f6 20. b4 Bd6 21. bxa5 b5 22.
Nd4 Be5 23. Nxb5 Nxb5 24. Bxe5 Nxa3 25. Bxf6 Nxb1 26. Bxe7 Rd7 27. Rdxb1 Rxe7
28. f3 Ba6 29. Bxa6 Rxa6 30. Rb6 Raa7 31. Kf2 Kf7 32. Ke3 Red7 33. a6 Ke7 34.
Rab1 h6 35. Rc1 Kf7 36. Rcc6 Re7 37. Kd4 Kf6 38. f4 h5 39. g3 Rad7+ 40. Rd6 Rc7
41. h3 Rc1 42. e5+ Kf5 43. Rb7 Rd1+ 44. Kc5 Rc1+ 45. Kb6 Re8 46. Rd4 Rf8 47. Ra4
Rc3 48. a7 Rcc8 49. Ka6 Rc6+ 50. Rb6 Rcc8 51. Rab4 Rc1 52. Rb8 Ra1+ 53. Kb6 1-0

[Event "Druzynowe Mistrzostwa Polski - II Liga 2023"]
[Site "Jastrzebia Gora"]
[Date "1899-12-30"]
[Round "5.90"]
[White "Tarnowska, Aleksandra"]
[Black "Steczek, Malgorzata"]
[Result "0-1"]
[WhiteTitle "WCM"]
[BlackTitle "I+"]
[WhiteElo "1860"]
[BlackElo "1748"]

1. e4 e5 2. Nf3 Nc6 3. Bb5 Nf6 4. O-O Nxe4 5. Re1 Nd6 6. Nxe5 Be7 7. Ba4 O-O 8.
d4 Nf5 9. c3 Nxe5 10. dxe5 d6 11. Bf4 dxe5 12. Qxd8 Rxd8 13. Bxe5 c6 14. Na3 Be6
15. Bb3 Bxb3 16. axb3 f6 17. Bf4 g5 18. Bg3 Bxa3 19. bxa3 Rd3 20. Rac1 Kf7 21.
Red1 Rad8 22. Rxd3 Rxd3 23. Bb8 a6 24. Kf1 Rd2 25. a4 Ne7 26. b4 Nd5 27. Ba7 Rd3
28. Bd4 Rd2 29. a5 Ke6 30. Ke1 Ra2 31. g3 Kf5 32. Kf1 Rd2 33. Ke1 Ra2 34. Kf1
Ke4 35. Kg2 g4 36. Re1+ Kd3 37. Re6 Re2 38. Rd6 f5 39. Rd7 Re7 40. Rd8 Rf7 41.
Be5 Kc2 42. b5 axb5 43. Ra8 Nc7 44. Bxc7 Rxc7 45. Ra7 Rc8 46. Rxb7 Kxc3 47. a6
b4 48. a7 Ra8 49. Rc7 Kb2 50. Rxh7 b3 51. Rc7 Ka1 52. Rxc6 Rxa7 53. Rc1+ Ka2 54.
f3 Rd7 55. fxg4 fxg4 56. Kf2 b2 57. Rc2 Kb3 58. Rxb2+ Kxb2 59. Ke3 Rf7 0-1

[Event "Druzynowe Mistrzostwa Polski - II Liga 2023"]
[Site "Jastrzebia Gora"]
[Date "1899-12-30"]
[Round "5.91"]
[White "Osinski, Emil"]
[Black "Lis, Mateusz"]
[Result "1-0"]
[WhiteTitle "k"]
[BlackTitle "k"]
[WhiteElo "2157"]
[BlackElo "2043"]

1. e4 c5 2. Nf3 e6 3. d4 cxd4 4. Nxd4 a6 5. Nc3 b5 6. g3 Bb7 7. Bg2 d6 8. O-O Nd7
9. Re1 Qc7 10. a4 bxa4 11. Nd5 exd5 12. exd5+ Be7 13. Nf5 Kf8 14. Bf4 Ne5 15.
Bxe5 dxe5 16. d6 Bxd6 17. Qxd6+ Qxd6 18. Nxd6 Bxg2 19. Kxg2 f6 20. Rxa4 Ke7 21.
Nf5+ Kf7 22. Rea1 Ne7 23. Nd6+ Ke6 24. Rxa6 Rxa6 25. Rxa6 Rb8 26. Nc8+ Kf7 27.
Nxe7 Kxe7 28. Ra7+ Ke6 29. b3 g5 30. g4 Rc8 31. c4 Rb8 32. Ra6+ Ke7 33. Ra3 e4
34. Kf1 h5 35. h3 hxg4 36. hxg4 Rh8 37. b4 Kd6 38. Ke2 Ke5 39. c5 Kd5 40. Ra6
Rh4 41. Rd6+ Kc4 42. c6 Rh7 43. Rd7 Rh8 44. Rb7 Rc8 45. b5 Kc5 46. c7 Kd6 47.
b6 Kc6 48. Rb8 1-0

[Event "Druzynowe Mistrzostwa Polski - II Liga 2023"]
[Site "Jastrzebia Gora"]
[Date "1899-12-30"]
[Round "5.92"]
[White "Grochol, Kamil"]
[Black "Walentukiewicz, Michal"]
[Result "1/2-1/2"]
[WhiteTitle "I++"]
[BlackTitle "CM"]
[WhiteElo "2093"]
[BlackElo "2074"]

1. e4 c5 2. Nf3 g6 3. d4 cxd4 4. Nxd4 Bg7 5. c4 Nc6 6. Be3 Nf6 7. Nc3 O-O 8. Be2
d6 9. f3 Bd7 10. Qd2 a5 11. h4 h5 12. O-O-O a4 13. g4 Ne5 14. gxh5 Nxh5 15. f4
Ng4 16. Bxg4 Bxg4 17. Rdg1 Qd7 18. f5 Nf6 19. Bh6 Rfc8 20. fxg6 fxg6 21. Qg5 Bxh6
22. Qxh6 Kf7 23. h5 Rg8 24. hxg6+ Rxg6 25. Qe3 Qc7 26. Nf5 Bxf5 27. exf5 Rxg1+
28. Rxg1 Qxc4 29. Re1 Re8 30. a3 Ng4 31. Qg5 Ne5 32. Qh5+ Kf8 33. Qh6+ Kf7 34.
Qh7+ Kf6 35. Qh6+ Kf7 36. Qh7+ Kf6 1/2-1/2

[Event "Druzynowe Mistrzostwa Polski - II Liga 2023"]
[Site "Jastrzebia Gora"]
[Date "1899-12-30"]
[Round "5.93"]
[White "Bienias, Piotr"]
[Black "Kukula, Karol"]
[Result "0-1"]
[WhiteTitle "I++"]
[BlackTitle "I++"]
[WhiteElo "1934"]
[BlackElo "1978"]

1. e4 c5 2. Nf3 e6 3. d3 Nc6 4. Nbd2 Nf6 5. g3 d5 6. Bg2 Be7 7. O-O O-O 8. e5 Nd7
9. Re1 Qc7 10. Qe2 b6 11. h4 Bb7 12. Nf1 Rac8 13. c3 d4 14. c4 a6 15. N1h2 b5
16. b3 bxc4 17. bxc4 Rb8 18. Bf4 Ba8 19. Ng4 Rb6 20. Ng5 Bxg5 21. hxg5 Rfb8 22.
Nf6+ Nxf6 23. exf6 e5 24. Qh5 exf4 25. Be4 h6 26. fxg7 Ne5 27. Bxa8 Rxa8 28. gxh6
Ng6 29. Re4 fxg3 30. Rae1 gxf2+ 31. Kxf2 Kh7 32. R1e2 Rf6+ 33. Ke1 Qg3+ 34. Kd2
Nf4 35. Re8 Rxe8 36. Rxe8 Nxh5 37. Rh8+ Kg6 38. g8=Q+ Kf5 39. Qc8+ Kf4 40. Qc7+
Kf3 41. Qb7+ Kf2 42. Qh1 Qe3+ 43. Kc2 Qe2+ 44. Kc1 Qf1+ 45. Qxf1+ Kxf1 46. Rc8
Rxh6 47. Rxc5 Ng3 48. Rd5 f5 49. Kb2 f4 50. Rxd4 f3 51. c5 f2 52. Rd6 Rh8 53.
Rf6 Ke2 54. d4 Rd8 55. c6 Rxd4 56. Kc3 Rd8 57. Kb4 Ne4 58. Rf4 f1=Q 59. Rxf1 Kxf1
60. Ka5 Rd2 61. a4 Rc2 62. Kb6 a5 63. Kc7 Nc3 0-1

[Event "Druzynowe Mistrzostwa Polski - II Liga 2023"]
[Site "Jastrzebia Gora"]
[Date "1899-12-30"]
[Round "5.94"]
[White "Kalmuk, Krzysztof"]
[Black "Bes, Michal"]
[Result "1-0"]
[WhiteTitle "I++"]
[BlackTitle "k"]
[WhiteElo "1992"]
[BlackElo "2052"]

1. Nf3 c5 2. e4 a6 3. d4 cxd4 4. Nxd4 Nf6 5. Nc3 e5 6. Nb3 Bb4 7. Bd2 O-O 8. Qf3
Bxc3 9. Bxc3 d5 10. exd5 Qxd5 11. Be2 Nc6 12. O-O Qxf3 13. Bxf3 e4 14. Be2 Nd5
15. Bd2 Bf5 16. c3 h6 17. a4 a5 18. Bb5 Rfd8 19. Nc5 Nde7 20. Bf4 g5 21. Be3 Rab8
22. Rad1 Kg7 23. Rxd8 Nxd8 24. Bd4+ f6 25. Re1 Ndc6 26. Nxe4 Nxd4 27. cxd4 Nd5
28. Nd6 Bc2 29. Bc4 Nb6 30. Re7+ Kh8 31. Nf7+ Kg7 32. Ne5+ Kh8 33. Nf7+ Kg7 34.
Nxg5+ Kg6 35. Nf3 Nxc4 36. Nh4+ Kh5 37. g3 Nd6 38. f3 Bxa4 39. Rg7 Rc8 40. Kg2
Bb3 41. Kh3 1-0

[Event "Druzynowe Mistrzostwa Polski - II Liga 2023"]
[Site "Jastrzebia Gora"]
[Date "1899-12-30"]
[Round "5.95"]
[White "Antoniewicz, Jakub"]
[Black "Zabron, Maksym"]
[Result "1/2-1/2"]
[WhiteTitle "I"]
[BlackTitle "I++"]
[WhiteElo "1950"]
[BlackElo "1993"]

1. d4 d5 2. Nc3 Nf6 3. Bf4 c5 4. dxc5 d4 5. Nb1 Nc6 6. Nf3 Qd5 7. e3 e5 8. Bg5
dxe3 9. Bxe3 Qxd1+ 10. Kxd1 Bg4 11. Ke1 Nd5 12. Bb5 O-O-O 13. Nbd2 Nxe3 14. fxe3
Bxc5 15. Bxc6 bxc6 16. Nxe5 Bxe3 17. Ndc4 Rhe8 18. Nxg4 Bc5+ 19. Nge3 Bxe3 20.
Nxe3 Rxe3+ 21. Kf2 Re6 22. Rhd1 Rf6+ 23. Kg1 Rfd6 24. Rxd6 Rxd6 25. Rf1 f6 26.
Rf2 Kd7 27. Re2 Rd1+ 28. Kf2 Kd6 29. Ke3 Ra1 30. a3 a5 31. Kd4 Rf1 32. Kc4 Rf4+
33. Kc3 g5 34. b4 axb4+ 35. axb4 Rf1 1/2-1/2

[Event "Druzynowe Mistrzostwa Polski - II Liga 2023"]
[Site "Jastrzebia Gora"]
[Date "1899-12-30"]
[Round "5.96"]
[White "Pisarek, Elzbieta"]
[Black "Jankowska, Julia"]
[Result "1/2-1/2"]
[WhiteTitle "I++"]
[BlackTitle "I++"]
[WhiteElo "1779"]
[BlackElo "1748"]

1. e4 Nf6 2. e5 Nd5 3. d4 d6 4. c4 Nb6 5. exd6 exd6 6. h3 Nc6 7. Nf3 Be7 8. Nc3
O-O 9. Be2 Bf5 10. d5 Ne5 11. Nd4 Bg6 12. b3 h6 13. O-O Bf6 14. f4 Ned7 15. Be3
Nc5 16. f5 Bh7 17. Qd2 a5 18. Rad1 Nbd7 19. Kh1 Re8 20. Rde1 Bh4 21. Rd1 Bf6 22.
Ndb5 Rc8 23. Rde1 Bh4 24. Rd1 Bf6 1/2-1/2

[Event "Druzynowe Mistrzostwa Polski - II Liga 2023"]
[Site "Jastrzebia Gora"]
[Date "1899-12-30"]
[Round "5.97"]
[White "Maj, Pawel"]
[Black "Daniel, Damian"]
[Result "1/2-1/2"]
[WhiteTitle "k"]
[BlackTitle "CM"]
[WhiteElo "2208"]
[BlackElo "2114"]

1. e4 c6 2. d4 d5 3. Nd2 dxe4 4. Nxe4 Nd7 5. Ng5 Ngf6 6. Bd3 e6 7. N1f3 Bd6 8.
Qe2 h6 9. Ne4 Nxe4 10. Qxe4 Qc7 11. Bd2 b6 12. a4 Bb7 13. a5 Rc8 14. axb6 axb6
15. Qe2 c5 16. Ra7 Ra8 17. Rxa8+ Bxa8 18. Be4 O-O 19. h3 cxd4 20. Nxd4 Bxe4 21.
Qxe4 Nf6 22. Qe2 Be5 23. Be3 Nd5 24. O-O Nxe3 25. Qxe3 Rd8 26. Nb5 Qc5 27. Qxc5
bxc5 28. Rb1 Rb8 29. c4 Ra8 30. b3 Ra2 31. Re1 f6 32. Kf1 Rb2 33. Re3 Kf7 34.
Rd3 f5 35. g3 g5 36. Kg2 h5 37. Kf3 g4+ 38. hxg4 hxg4+ 39. Kg2 Kf6 40. Kf1 Rb1+
41. Ke2 Rb2+ 42. Kf1 Bd4 43. Nxd4 cxd4 44. Rxd4 Rxb3 45. Rd7 Rc3 46. Rc7 Ke5 47.
Rc6 Kd4 48. Rxe6 Rxc4 1/2-1/2

[Event "Druzynowe Mistrzostwa Polski - II Liga 2023"]
[Site "Jastrzebia Gora"]
[Date "1899-12-30"]
[Round "5.98"]
[White "Rychlik, Hanna"]
[Black "Kuma, Boguslaw"]
[Result "1-0"]
[WhiteTitle "k"]
[BlackTitle "k"]
[WhiteElo "2026"]
[BlackElo "2073"]

1. Nf3 c5 2. g3 Nc6 3. d4 cxd4 4. Nxd4 Nf6 5. Bg2 d5 6. O-O e6 7. c4 Nxd4 8. Qxd4
Be7 9. Nc3 dxc4 10. Qxc4 O-O 11. Bf4 Qa5 12. Rfd1 e5 13. Nd5 Nxd5 14. Rxd5 Qb6
15. Rb5 Qa6 16. Bxe5 Be6 17. Bd5 Rac8 18. Qb3 Bxd5 19. Qxd5 b6 20. a4 Rfd8 21.
Qe4 Bf8 22. Bc3 Rc7 23. h4 Rcd7 24. h5 h6 25. Kg2 Qc8 26. Rh1 Re7 27. Qf3 Qc4
28. e3 Qxa4 29. Rf5 Qd7 30. Rf4 Qb7 31. e4 Kh7 32. Rhh4 Qc6 33. Rxf7 Rxf7 34.
Qxf7 Qe8 35. Qxa7 Qe6 36. Rf4 Be7 37. Qb7 Rd7 38. Qa8 Rd8 39. Qb7 Rd7 40. Qc8
Bd6 41. Qc6 Re7 42. e5 Bxe5 43. Qxe6 Rxe6 44. Re4 Bxc3 45. Rxe6 Bxb2 46. Rxb6
Bd4 47. Rb7 Bc3 48. f4 Bd2 49. Kf3 Be1 50. g4 Bd2 51. Ke4 Bc1 1-0